Fallout consumables quiz - Statistics

General Stats
  • This quiz has been taken 41 times
  • The average score is 9 of 15
Answer Stats
Hint Answer % Correct
Fallout universe’s cola brand Nuka Cola
100%
Heals you instantly Stimpak/Stimpack
100%
It’s blue glowing variant Quantum
89%
Makes time appear slower Jet
84%
Saves you from radiation poisoning Radaway
84%
Makes you invisible Stealth boy
78%
Everyone’s favorite cereal brand Sugar Bombs
70%
Butch Deloria steals one from you in Fallout 3 Vault as a kid Sweetroll
54%
Cake made from certain aquatic animal Mirelurk cake
51%
Another consumable that gives you night vision in Fallout New Vegas Cateye
46%
A pie that you can get only from a certain wending machine, there are really low chances to get it, it is really well preserved Perfectly preserved pie
32%
Lemonade most characteristic for Fallout New Vegas Sunset Sarsaparilla
32%
A meat from questionable source Strange Meat
30%
Beer brand found in post-apocalyptic Boston (Fallout 4) Gwinnett/Gwinett/Gwinnet/Gwinet
19%
It’s green glowing variant that gives you night vision Quartz
19%
No matching quizzes found
Score Distribution
Percent of People with Each Score
Percentile by Number Answered
Your Score History
You have not taken this quiz